Statistics for Countries Served by London Luton

Click here to take the quiz!

General Stats

  • This quiz has been taken 120 times
  • The average score is 27 of 34

Answer Stats

Country% Correct
France
97%
Germany
95%
Ireland
95%
Spain
95%
Portugal
94%
Greece
93%
Sweden
93%
Italy
92%
Iceland
89%
Poland
89%
United Kingdom
89%
Austria
87%
Hungary
86%
Switzerland
86%
Croatia
85%
Romania
85%
Czech Republic
83%
Turkey
83%
Netherlands
82%
Slovakia
82%
Serbia
81%
Slovenia
81%
Bulgaria
80%
Ukraine
79%
Malta
74%
Lithuania
71%
Cyprus
70%
Bosnia & Herzegovina
67%
Morocco
64%
Israel
61%
Macedonia
58%
Moldova
58%
Kosovo
51%
Georgia
26%

Score Distribution

Percentile by Number Answered

Percent of People with Each Score

Your Score History

You have not taken this quiz